Faculty of Law Library — Cairo University

Official Online Catalog

موسوعة الحجز الإداري التعليق على قانون الحجز الاداري. (Record no. 75259)

MARC details
000 -LEADER
fixed length control field 01483nam a2200325 i 4500
003 - CONTROL NUMBER IDENTIFIER
control field EG-GICUC
005 - DATE AND TIME OF LATEST TRANSACTION
control field 20260503163209.0
008 - FIXED-LENGTH DATA ELEMENTS--GENERAL INFORMATION
fixed length control field 260503r20072008ua ||||frv||| 000 0 ara d
040 ## - CATALOGING SOURCE
Original cataloging agency EG-GICUC
Language of cataloging ara
Transcribing agency EG-GICUC
Modifying agency EG-GICUC
Description conventions rda
041 0# - LANGUAGE CODE
Language code of text/sound track or separate title ara
082 04 - DEWEY DECIMAL CLASSIFICATION NUMBER
Edition number 21
Classification number 345.532
Item number ا ح . ت
092 04 - LOCALLY ASSIGNED DEWEY CALL NUMBER (OCLC)
Edition number 21
099 ## - LOCAL FREE-TEXT CALL NUMBER (OCLC)
Classification number Law1 07 345.532 ا ح . ت 2008
100 0# - MAIN ENTRY--PERSONAL NAME
Personal name أحمد مليجي.
Relator term مؤلف.
245 12 - TITLE STATEMENT
Title موسوعة الحجز الإداري التعليق على قانون الحجز الاداري.
Number of part/section of a work الجزء الأول :
Remainder of title بأراء الفقه وأحكام النقض وأحكام المحكمة الإدارية العليا والمحاكم الأخرى والصيغ القانونية والتعليمات الإدارية وفتاوي مجلس الدولة /
Statement of responsibility, etc. أحمد مليجي.
250 ## - EDITION STATEMENT
Edition statement الطبعة الثانية /
Remainder of edition statement مزودة ومنقحة.
264 #1 - PRODUCTION, PUBLICATION, DISTRIBUTION, MANUFACTURE, AND COPYRIGHT NOTICE
Place of production, publication, distribution, manufacture [غيرمحدد] :
Name of producer, publisher, distributor, manufacturer دار العلم والإيمان،
Date of production, publication, distribution, manufacture, or copyright notice 2008.
300 ## - PHYSICAL DESCRIPTION
Extent 679 صفحة ؛
Dimensions 24 سم.
336 ## - CONTENT TYPE
Source rda content
Content type term text
337 ## - MEDIA TYPE
Source rda media
Media type term Computer
338 ## - CARRIER TYPE
Source rda carrier
Carrier type term Online Resource
500 ## - GENERAL NOTE
General note أي نسخة غير موقع عليها من المؤلف فهي مزورة.
546 ## - LANGUAGE NOTE
Language note النص باللغة العربية
650 14 - SUBJECT ADDED ENTRY--TOPICAL TERM
Topical term or geographic name entry element الحجز علي المال العام
Source of heading or term qrmak
650 14 - SUBJECT ADDED ENTRY--TOPICAL TERM
Source of heading or term qrmak
651 1# - SUBJECT ADDED ENTRY--GEOGRAPHIC NAME
Source of heading or term qrmak
856 40 - ELECTRONIC LOCATION AND ACCESS
Uniform Resource Identifier <a href="https://fll.law.cu.edu.eg/fulltext/bks/B07-05029.pdf">https://fll.law.cu.edu.eg/fulltext/bks/B07-05029.pdf</a>
905 ## - Cataloger and Reviser Names
Cataloger Name: Omar
942 ## - ADDED ENTRY ELEMENTS (KOHA)
Source of classification or shelving scheme Dewey Decimal Classification
Koha item type Books
Edition 21
Suppress in OPAC No
Holdings
Withdrawn status Lost status Source of classification or shelving scheme Damaged status Not for loan Collection Home library Current library Date acquired Total checkouts Full call number Barcode Date last seen Copy number Price effective from Koha item type
    Dewey Decimal Classification   Not for loan القانون الإداري جــــامعة القــاهرة مكتبة كلية الحقوق - المبنى الرئيسي 03.05.2026   Law1 07 345.6 ا ح . ت 2 ed - 2008 0705029 V1, C1 B07-05029 03.05.2026 1 03.05.2026 Books

© All rights reserved — Faculty of Law, Cairo University